00278nam a2200097Ia 4500008004100000100001300041245006000054260004000114300000800154650001800162191201s2009 xx 000 0 und d aJAKES,TD 0aReposition Yourself Workbook Living Life Without Limits aUnited kingdombCoxswyman ltdc2009 a278 aGeneral Books